| Tag |
First Indicator |
Second Indicator |
Subfields |
| LEADER |
00000cas a2200000 i 4500 |
| 001 |
in00004495430 |
| 005 |
20191203130853.0 |
| 006 |
m d |
| 007 |
cr cn ---||||| |
| 008 |
021119c19uu9999cu u p s 0 a0spa c |
| 022 |
|
|
|a 0375-0760
|
| 035 |
|
|
|z (UtOrBLW)32954
|
| 035 |
|
|
|a 48797
|
| 040 |
|
|
|d UtOrBLW
|
| 049 |
|
|
|a TMVM
|
| 060 |
|
4 |
|a WC 1
|
| 130 |
0 |
|
|a Revista Cubana de medicina tropical (Online)
|
| 245 |
1 |
0 |
|a Revista Cubana de medicina tropical.
|
| 264 |
|
1 |
|a La Habana, Cuba :
|b Editorial Ciencias Médicas :
|b InfoMed, Red Telemática de Salud en Cuba.
|
| 336 |
|
|
|a text
|2 rdacontent
|b txt
|
| 337 |
|
|
|a computer
|2 rdamedia
|
| 338 |
|
|
|a online resource
|2 rdacarrier
|b cr
|
| 362 |
1 |
|
|a Coverage as of Nov. 19, 2002: Vol. 47, no. 1 (Jan./June 1995)-
|
| 500 |
|
|
|a Description based on: Volume 47, number 1 (Jan./June 1995); title from general information screen (viewed Nov. 19, 2002).
|
| 506 |
|
|
|a This title is restricted to authorized TAMU and TAMUS HSC users.
|
| 506 |
|
|
|a Coverage as of Nov. 19, 2002: (FULL TEXT) Vol. 47 (1995)-
|
| 516 |
|
|
|a Articles, abstracts, tables of contents, and citation information are HTML encoded; some articles are available in portable document format (PDF).
|
| 530 |
|
|
|a Online version of the print title: Revista Cubana de medicina tropical.
|
| 538 |
|
|
|a Mode of access: World Wide Web.
|
| 500 |
|
|
|a Electronic resource.
|
| 650 |
|
2 |
|a Tropical Medicine.
|
| 655 |
|
7 |
|a Periodicals.
|2 mesh
|
| 948 |
|
|
|a Access verified, 10/31/2003, km
|
| 999 |
|
|
|a MARS
|
| 999 |
f |
f |
|s 73d06e65-2626-3c2c-b19c-c66facbb5f40
|i 371e9623-a7cf-30f0-9914-245c7ecc50a0
|t 0
|
| 952 |
f |
f |
|a Texas A&M University
|b College Station
|c Electronic Resources
|d Available Online
|t 0
|e Online Journal
|h Other scheme
|
| 998 |
f |
f |
|a Online Journal
|t 0
|l Available Online
|